Guess the Year From the Movies #2 - Statistics

General Stats
  • This quiz has been taken 308 times
  • The average score is 9 of 10
Answer Stats
Hint Answer % Correct
The Dark Knight / Kung Fu Panda / WALL-E / Slumdog Millionaire 2008
99%
Titanic / Men in Black / L.A. Confidential / Good Will Hunting 1997
98%
Home Alone / Pretty Woman / Dances with Wolves / Ghost 1990
96%
Bad Boys for Life / Tenet / Sonic the Hedgehog / Soul 2020
95%
Ice Age / The Lord of the Rings: The Two Towers / Chicago / The Pianist 2002
94%
Back to the Future / The Color Purple / The Goonies / Out of Africa 1985
93%
The Smurfs / The Artist / Harry Potter and the Deathly Hallows – Part 2 / Kung Fu Panda 2 2011
92%
The Godfather / The Poseidon Adventure / Cabaret / Deliverance 1972
90%
Breakfast at Tiffany's / West Side Story / The Guns of Navarone / El Cid 1961
79%
Love Story / Patton / M*A*S*H / Airport 1970
71%
No matching quizzes found
Score Distribution
Percent of People with Each Score
Percentile by Number Answered
Your Score History
You have not taken this quiz